_Understanding the sociology of Health An introduction Barry Marie-Anne (Record no. 8432)
[ view plain ]
| 000 -LEADER | |
|---|---|
| fixed length control field | 00513nam a2200169Ia 4500 |
| 008 - FIXED-LENGTH DATA ELEMENTS--GENERAL INFORMATION | |
| fixed length control field | 151021s9999 xx 000 0 und d |
| 020 ## - INTERNATIONAL STANDARD BOOK NUMBER | |
| International Standard Book Number | 9.7814129362e+012 |
| 050 ## - LIBRARY OF CONGRESS CALL NUMBER | |
| Classification number | RA 418 .B363 2008 |
| 245 ## - TITLE STATEMENT | |
| Title | _Understanding the sociology of Health An introduction Barry Marie-Anne |
| 250 ## - EDITION STATEMENT | |
| Edition statement | 2nd ed. |
| 260 ## - PUBLICATION, DISTRIBUTION, ETC. (IMPRINT) | |
| Place of publication, distribution, etc. | London Sage 2008 |
| 300 ## - PHYSICAL DESCRIPTION | |
| Extent | xiii,302p,;ill |
| 500 ## - GENERAL NOTE | |
| General note | Includes index |
| 650 ## - SUBJECT ADDED ENTRY--TOPICAL TERM | |
| Topical term or geographic name as entry element | _Theories, Perspectives and Concepts |
| 700 ## - ADDED ENTRY--PERSONAL NAME | |
| Personal name | _Chris Yuill |
| 980 ## - EQUIVALENCE OR CROSS-REFERENCE-SERIES STATEMENT--PERSONAL NAME/TITLE [LOCAL, CANADA] | |
| Personal name | ^d20120113 10:14:02^oanne |
No items available.